000 00548nam a2200181Ia 4500
008 090124s9999 xx 000 0 und d
082 _b3289
100 _aजोशी वि.वा.
245 _a वनांतील मनें
250 _a0
260 _bकेशव रघुनाथ काशिकर
_c1942
300 _a74
600 _aजोशी वि.वा.
630 _a वनांतील मनें
700 _aजोशी वि.वा.
730 _a वनांतील मनें
942 _cBOOK
999 _c82710
_d82710